Zlepšenie výrobného procesu na montážnej linke WITTE

Salvato in:
Dettagli Bibliografici
Autore principale: Hrnčárová, Žaneta (Autore)
Altri autori: Kučerová, Marta (Relatore della tesi)
Natura: Manoscritto Libro
Lingua:slovacco
Pubblicazione: 2019
Soggetti:
Accesso online:http://is.stuba.sk/zp/portal_zp.pl?podrobnosti=144085
Tags: Aggiungi Tag
Nessun Tag, puoi essere il primo ad aggiungerne!!

MARC

LEADER 00000ntm a22000003a 4500
001 stuzp72645
003 SK-STU
005 20190615212027.4
007 ta
008 150427s2015----xo-----f-mn---000-0-slo-d
040 |a STU  |b slo 
041 0 |a slo 
100 1 |a Hrnčárová, Žaneta  |u 064000  |k Z4  |4 aut  |U MTF Materiálovotechnologická fakulta  |T MTF Ústav priemyselného inžinierstva a manažmentu  |X 73321  |U M4000  |Y 84  |7 73321 
242 0 1 |a Improvement of the manufacturing process on the Assembly line WITTE  |y eng 
245 1 0 |a Zlepšenie výrobného procesu na montážnej linke WITTE 
260 |c 2019 
650 4 |a zlepšovanie procesov  |2 slo 
650 4 |a kvalita výrobku a procesu  |2 slo 
650 4 |a zabezpečovanie kvality  |2 slo 
650 4 |a improvement of processes  |2 eng 
650 4 |a product and process quality  |2 eng 
650 4 |a quality providing  |2 eng 
700 1 |a Kučerová, Marta  |u 064000  |k Z1  |4 ths  |U MTF Materiálovotechnologická fakulta  |T MTF Ústav priemyselného inžinierstva a manažmentu  |X 1489  |U M4000  |Y 84  |7 A000001489 
856 4 |u http://is.stuba.sk/zp/portal_zp.pl?podrobnosti=144085 
996 |c M* DP-14038  |l MMSKP  |s P  |a 0  |w stuzp72645_0001